| 000 | 00516nam a2200181 a 4500 | ||
|---|---|---|---|
| 001 | 3124 | ||
| 005 | 20140414131926.0 | ||
| 008 | 060201s19uu xx 00 eng d | ||
| 020 | _a0-439-16013-8 | ||
| 050 |
_aER _bP87 2000 |
||
| 100 | _aDower, Laura | ||
| 245 |
_aPowerpuff girls, The : _bmonkey see, doggy do / _cadapted by Laura Dower. |
||
| 260 |
_aNew York : _bScholastic, _c2000. |
||
| 300 | _a1 v. p. ; cm. | ||
| 440 | _aCartoon Network | ||
| 650 |
_aAdventures and adventurers _xFiction. |
||
| 999 |
_c112029 _d112029 |
||